Sports Quiz

Random Sports or NCAA Quiz

And Toledo Wins!!! Quiz Stats

Quiz not verified by Sporcle

Also try: And Duke Wins!!!
Challenge
Share
Tweet
Embed
Score 0/15 Timer 05:00
0 Plays Today
% Correct
Akron
93.9%
Ohio
92.7%
Buffalo
90.2%
Kent State
90.2%
Central Michigan
87.8%
Western Michigan
81.7%
Eastern Michigan
81.7%
Miami (OH)
78%
% Correct
Temple
76.8%
Northern Illinois
74.4%
Arkansas State
59.8%
Navy
57.3%
Cincinnati
51.2%
Marshall
48.8%
Nevada
35.4%

You're not logged in!

Compare scores with friends on all Sporcle quizzes.
Join for Free
OR
Log In

You Might Also Like...

Show Comments

Extras

Top Quizzes Today


Score Distribution

Your Account Isn't Verified!

In order to create a playlist on Sporcle, you need to verify the email address you used during registration. Go to your Sporcle Settings to finish the process.

Report this User

Report this user for behavior that violates our Community Guidelines.

Details: